Hlavná ulica ako kamenná modelka... V Maďarskom spoločenskom dome kvitne krajina Štefana Pástora

Bibliographic Details
Main Author: PP (Author)
Corporate Author: Maďarský spoločenský dom (Košice, Slovensko) (Author)
Format: Article
Language:Slovak
PhysicalDescription:1 obr.
Subjects:

MARC

LEADER 00000nab a2200000 a 4500
001 vtls000908560
003 SK-MaSNL
005 20260302172613.0
008 040720e20020226xo 0 slo
035 |a KE17493 
040 |a KEVKJB  |b slo  |c KEVKJB  |e AACR2 
041 0 |a slo 
044 |a xo  |c SK 
080 |a 75  |2 1981 
080 |a 929  |2 1981 
100 0 |a PP  |4 aut  |9 870577 
245 1 0 |a Hlavná ulica ako kamenná modelka...  |b V Maďarskom spoločenskom dome kvitne krajina Štefana Pástora 
300 |b 1 obr. 
590 |a Pástor, Štefan  |b výtvarník 
600 1 7 |a Pástor, Štefan  |2 KEVKJB  |9 322975 
610 2 7 |a Maďarský spoločenský dom (Košice, Slovensko)   |2 KEVKJB  |9 878122 
611 1 7 |a Môj svet (výstava)  |2 KEVKJB  |9 878862 
650 0 7 |a maliarstvo  |2 KEVKJB  |9 812 
650 0 7 |a výstavy  |2 KEVKJB  |9 2780 
651 7 |a Košice (Slovensko)  |2 KEVKJB  |9 18694 
651 7 |a KE,  |2 KEVKJB  |9 877256 
655 7 |a periodikum  |2 snkbucl  |9 29553 
710 2 |a Maďarský spoločenský dom (Košice, Slovensko)  |4 aut  |9 878122 
773 0 8 |t Košický večer  |g Roč. 13  |g Roč. 34, č.40, 26.2.2002, s. 7 
852 |a ZVYKNI  |b KIS3GCP 
999 |c 1399228  |d 1401158